Statistics for Number Pyramid Puzzle - Subtraction #3

Click here to take the quiz!

General Stats

  • This quiz has been taken 40 times
  • The average score is 8 of 10

Answer Stats

Brick Answer % Correct
1A6
97%
1B25
94%
1D38
86%
2A19
86%
1C12
83%
2C26
81%
2B13
81%
4A7
78%
3A6
78%
3B13
78%

Score Distribution

Percentile by Number Answered

Percent of People with Each Score

Your Score History

You have not taken this quiz